[Event "WYCC U16 Open 2019"]
[Site "Mumbai"]
[Date "2019.10.05"]
[Round "5.7"]
[White "Lumachi, Gabriele"]
[Black "Tarlabasi, Emirhan"]
[Result "1/2-1/2"]
[WhiteElo "2207"]
[BlackElo "2365"]
[Annotator "TA"]
[PlyCount "60"]
[EventDate "2019.10.02"]
[EventType "swiss"]
[EventCountry "IND"]
[SourceTitle "playchess.com"]
[Source "ChessBase"]
[SourceQuality "1"]

{[%evp 13,60,19,18,15,16,17,9,11,8,0,0,0,11,9,27,35,33,30,40,0,91,83,136,133,130,131,130,162,156,156,144,130,140,0,0,0,0,0,0,0,0,0,0,0,0,0,0,0,0]} 1. d4 d5 2. c4 e6 3. Nc3 Be7 4. Nf3 Nf6 5. Bf4 O-O 6. e3 b6 7. cxd5 Nxd5 8. Nxd5 {D37: Queen's Gambit Declined: 5 Bf4} Qxd5 9. Bxc7 (9. a3 Ba6 10. Bxa6 Nxa6 11. b4 Bd6 12. Bg3 Nb8 13. Qd3 b5 14. e4 Qb7 15. d5 exd5 {½-½ (44) Caruana,F (2818)-Anand,V (2756) Saint Louis 2019}) 9... Bb4+ 10. Nd2 Nc6 11. a3 Bxd2+ $1 12. Qxd2 Na5 {And now ...Nb3 would win.} 13. Qd3 $146 ({Predecessor:} 13. Rd1 Bd7 14. b4 Ba4 15. bxa5 Bxd1 16. Qxd1 Qxa5+ {0-1 (75) Oner,O (1960)-Zor,A (2150) Antalya 2018}) 13... Nb3 14. Rd1 {[%cal Ba1d1,Bd1d3,Bd3d2][%mdl 32]} Bd7 15. Bd6 $36 {[%mdl 2048] White is more active.} Rfc8 {Strongly threatening ...Ba4.} 16. Bb4 {Hoping for e4.} (16. e4 $5 {[%cal Re4d5]} Qxd6 17. Qxb3 $14) 16... Nc1 (16... Ba4 $11 17. Bc3 Rd8) 17. Qb1 $16 Na2 (17... Nb3 $142) 18. e4 Qb3 19. Rd3 Qc2 20. Qxa2 {aiming for Qb3.} Bb5 {[#]} 21. Rd2 $1 {[%cal Rd2c2][%mdl 64] Discovered Attack} (21. Rc3 Rxc3 22. Bc4 Qxe4+ 23. Kd2 Qxd4+ 24. Ke2 Qe4+ 25. Kd2 Rc2+ 26. Kd1 Rd8+ 27. Bd6 Rxd6+ 28. Bd5 Qe2#) (21. Qb3 $2 Bxd3 22. Qxd3 Qxd3 $19) 21... Qxe4+ 22. Kd1 Bxf1 {[#]} 23. Rxf1 (23. f3 $1 $16 {[%cal Rf3e4]} Bc4 24. b3) 23... Qxg2 $11 {[%cal Rg2f1][%mdl 64] Double Attack. The position is equal.} 24. Re1 $1 Qf3+ ({Much worse is} 24... Qxh2 $6 25. Bc3 $16) (24... a5 $5 25. Bc3 $8 b5 $11) 25. Ree2 Qh1+ 26. Re1 Qf3+ ({Reject} 26... Qxh2 $6 27. Bc3 $16) 27. Ree2 Qh1+ 28. Re1 Qf3+ (28... Qxh2 $6 29. Bc3 $16) 29. Ree2 Qh1+ 30. Re1 Qf3+ {[%mdl 64] Decoy. Accuracy: White = 93%, Black = 74%.} ({Don't play} 30... Qxh2 $6 31. Bc3 $16) 1/2-1/2

[Event "WYCC U16 Open 2019"]
[Site "Mumbai"]
[Date "2019.10.05"]
[Round "5.8"]
[White "Cardoso Cardoso, Jose Gabriel"]
[Black "Turgut, Aydin"]
[Result "0-1"]
[WhiteElo "2313"]
[BlackElo "2281"]
[Annotator "TA"]
[PlyCount "54"]
[EventDate "2019.10.02"]
[EventType "swiss"]
[EventCountry "IND"]
[SourceTitle "playchess.com"]
[Source "ChessBase"]
[SourceQuality "1"]

{[%evp 15,54,9,0,-24,-7,-6,0,0,0,-3,0,-7,0,0,9,8,9,20,34,34,29,32,19,28,43,0,0,0,0,0,54,-33,-43,-152,-150,-598,-581,-951,-936,-870,-848]} 1. d4 Nf6 2. c4 e6 3. Nc3 Bb4 4. Qc2 O-O 5. a3 Bxc3+ 6. Qxc3 d5 7. Nf3 dxc4 8. Qxc4 b6 9. h4 {E36: Nimzo-Indian: Classical: 4...d5 5 a3} (9. Bg5 Bb7 10. Rd1 Nbd7 11. Ne5 h6 12. Bh4 c5 13. Nxd7 Qxd7 14. Bxf6 gxf6 15. dxc5 Qc7 16. h4 Rfd8 17. Rxd8+ Rxd8 {½-½ (30) Yu,Y (2763)-Ding,L (2811) Khanty-Mansiysk 2019}) 9... Ba6 10. Qc2 c5 $146 ({Predecessor:} 10... Qd5 11. h5 Rc8 12. h6 g6 13. b4 Ne4 14. Rh4 f5 15. Ng5 Nd6 16. Bf4 Bc4 {½-½ (28) Akobian,V (2662)-Lenderman,A (2565) Douglas 2017}) 11. dxc5 {The position is equal.} bxc5 12. Bg5 Nbd7 13. e4 Bxf1 14. Kxf1 Qb6 15. Bxf6 Nxf6 16. e5 Nd5 17. Ng5 $1 {[%csl Gg5][%cal Rc2h7]} f5 $1 18. exf6 $1 Nxf6 19. Re1 Rab8 20. Re2 Rfd8 21. Nxe6 {[%mdl 64] Double Attack} Rd5 {Hoping for ...Qd6.} 22. Rh3 {Rg3 is the strong threat.} Qd6 (22... Qxb2 $11 23. Qxb2 Rd1+ 24. Re1 Rxe1+ 25. Kxe1 Rxb2) 23. Re1 ({White should play} 23. Qc4 $1 $14 Kh8 24. Ng5) 23... Re8 $1 $36 {[%cal Re8e6][%mdl 2048] Black has some pressure.} 24. Rhe3 {[#]} (24. Qe2 $1 $15) 24... Ng4 $1 $17 {[%cal Rg4e3]} 25. Re4 $2 {[#]} (25. Nf4 $17 Nxe3+ 26. Rxe3 Rxe3 27. fxe3) 25... Rd2 $1 $19 {[%cal Rd2c2][%mdl 512] Black is clearly winning.} 26. Ng5 Rxe4 27. Qb3+ c4 {Accuracy: White = 27%, Black = 75%.} 0-1

[Event "WYCC U16 Open 2019"]
[Site "Mumbai"]
[Date "2019.10.05"]
[Round "5.9"]
[White "Nogerbek, Kazybek"]
[Black "Tomiello, Lucas Costamilan"]
[Result "1-0"]
[WhiteElo "2387"]
[BlackElo "2107"]
[Annotator "TA"]
[PlyCount "45"]
[EventDate "2019.10.02"]
[EventType "swiss"]
[EventCountry "IND"]
[SourceTitle "playchess.com"]
[Source "ChessBase"]
[SourceQuality "1"]

{[%evp 14,59,62,58,64,54,52,65,81,65,60,64,67,50,53,52,74,64,77,25,34,0,53,51,89,-103,-16,-58,61,22,72,73,68,2,183,183,198,193,175,181,590,606,1201,1195,29997,1343,29998,29999]} 1. d4 Nf6 2. c4 g6 3. Nc3 Bg7 4. e4 d6 5. Be2 O-O 6. Be3 e5 7. d5 Nbd7 {[%cal Bb8d7,Bd7c5,Bc5a6][%mdl 32]} 8. g4 Nc5 {E73: King's Indian: Averbakh Variation without 6...c5} 9. f3 $1 h5 10. g5 {Threatens to win with b4.} Ne8 $146 {White is slightly better.} ({Predecessor:} 10... Nh7 11. h4 f6 12. gxf6 Bxf6 13. Bf2 Be7 14. Kd2 Rf4 15. Qe1 a5 {½-½ (30) L'Ami,E (2634)-Amin,B (2693) Wijk aan Zee 2018}) 11. b4 Na6 12. a3 f5 13. gxf6 Bxf6 14. Qd2 Bh4+ 15. Kd1 $1 c6 16. f4 ({Better is} 16. Kc2 $16) 16... exf4 $11 17. Bxf4 Bf6 (17... cxd5 $1 $11 18. exd5 Ng7) 18. Rc1 $14 Qe7 {White must now prevent ...Bxc3.} 19. e5 $2 (19. Nf3 $16 {and life is bright.}) 19... Bxe5 (19... dxe5 $17 20. Bh6 Rf7) 20. Bxe5 Qxe5 (20... dxe5 $15 21. Qh6 Bf5) 21. Nf3 Qf4 {[#]} 22. Rg1 $1 Kh7 23. h4 {Played: Nc3-e4} 1-0

[Event "WYCC U16 Open 2019"]
[Site "Mumbai"]
[Date "2019.10.05"]
[Round "5.10"]
[White "Wachinger, Nikolas"]
[Black "Gharibyan, Mamikon"]
[Result "*"]
[WhiteElo "2297"]
[BlackElo "2388"]
[Annotator "TA"]
[PlyCount "26"]
[EventDate "2019.10.02"]
[EventType "swiss"]
[EventCountry "IND"]
[SourceTitle "playchess.com"]
[Source "ChessBase"]
[SourceQuality "1"]

{[%evp 9,17,32,38,38,24,19,28,40,71,63]} 1. e4 e5 2. Nf3 Nc6 3. Bb5 a6 4. Ba4 g6 5. c3 Bg7 (5... d6 6. d4 Bd7 7. Bg5 f6 8. Be3 Bh6 9. Qd2 Bxe3 10. Qxe3 Kf8 11. dxe5 fxe5 12. c4 Kg7 13. Nc3 Nf6 14. h3 Nb4 {½-½ (39) Le,Q (2708)-Artemiev,V (2746) Khanty-Mansiysk 2019}) 6. d4 {C70: Ruy Lopez: 3...a6 4 Ba4, Norwegian and Delayed Schliemann} exd4 7. cxd4 Nge7 8. d5 Na5 9. Bd2 {Predecessor:} Nc4 $146 10. Bc3 Bxc3+ 11. Nxc3 O-O 12. Bb3 Na5 13. h4 d6 {½-½ (47) Ter Sahakyan,S (2574)-Repka,C (2499) Montebelluna 2018} *

[Event "WYCC U16 Open 2019"]
[Site "Mumbai"]
[Date "2019.10.05"]
[Round "5.10"]
[White "Wachinger, Nikolas"]
[Black "Gharibyan, Mamikon"]
[Result "1/2-1/2"]
[WhiteElo "2297"]
[BlackElo "2388"]
[Annotator "TA"]
[PlyCount "145"]
[EventDate "2019.10.02"]
[EventType "swiss"]
[EventCountry "IND"]
[SourceTitle "playchess.com"]
[Source "ChessBase"]
[SourceQuality "1"]

{[%evp 9,144,37,41,35,42,45,68,61,72,65,76,69,60,69,107,107,117,107,105,110,150,154,216,206,214,199,290,123,116,111,124,78,79,80,83,0,75,76,66,79,181,181,187,172,198,172,177,235,237,250,244,243,266,253,259,204,197,186,186,179,180,93,136,133,135,172,183,135,135,125,141,143,144,135,144,147,144,106,135,130,145,77,85,20,20,22,47,47,47,47,47,18,47,47,47,47,48,48,62,47,47,12,14,0,47,47,47,47,369,28,28,28,28,28,28,12,20,20,24,24,28,28,4525,4525,4525,4525,4525,4525,40,28,28,28,28,28,40,4527,4530]} 1. e4 e5 2. Nf3 Nc6 3. Bb5 a6 4. Ba4 g6 5. c3 Bg7 (5... d6 6. d4 Bd7 7. Bg5 f6 8. Be3 Bh6 9. Qd2 Bxe3 10. Qxe3 Kf8 11. dxe5 fxe5 12. c4 Kg7 13. Nc3 Nf6 14. h3 Nb4 {½-½ (39) Le,Q (2708)-Artemiev,V (2746) Khanty-Mansiysk 2019}) 6. d4 {C70: Ruy Lopez: 3...a6 4 Ba4, Norwegian and Delayed Schliemann} exd4 7. cxd4 Nge7 8. d5 {White is slightly better.} Na5 9. Bd2 c5 10. Bc3 Bxc3+ 11. Nxc3 b5 12. d6 $36 {[%mdl 2048] Black is under strong pressure.} Nec6 13. Nd5 $146 {Black must now prevent Nc7+.} ({Predecessor:} 13. Bc2 O-O {1-0 (40) Riff,J (2450)-Klauser,M (2399) Switzerland 2014}) 13... O-O 14. Bb3 $1 c4 15. Bc2 Nb7 (15... f6 $16) 16. e5 $18 Nc5 17. Kf1 f6 (17... Bb7 {keeps fighting.}) 18. Nxf6+ (18. h4 $18) 18... Rxf6 $16 19. exf6 Qxf6 20. h4 {Strongly threatening h5.} Bb7 ({Don't go for} 20... Qxb2 $2 21. Rb1 $16) 21. h5 Nb4 22. Qd4 (22. hxg6 $16 {Qd4 is the strong threat.} hxg6 23. Qd4 Qxd4 24. Nxd4) 22... Qxd4 (22... Rf8 $11 {remains equal.} 23. Qxf6 Rxf6) 23. Nxd4 Nxc2 24. Nxc2 Ne4 (24... Be4 $16) 25. hxg6 $18 hxg6 {intending ...Rf8.} 26. Rh4 Re8 27. Re1 Nd2+ (27... Bc6 {was called for.} 28. Rd1 Nc5) 28. Kg1 Rxe1+ 29. Nxe1 {[%mdl 4096] Endgame KRN-KBN} Ne4 30. f3 Nf6 31. Nc2 g5 32. Rd4 Kf7 33. b3 cxb3 34. axb3 Ke6 35. Nb4 (35. Kf2 $18) 35... Ke5 36. Rd1 a5 37. Nd3+ Kd4 38. b4 axb4 39. Nxb4+ Kc3 40. Rb1 Kc4 41. Nc2 {aiming for Na3+.} Bc6 42. Kf2 Kc5 43. Rd1 b4 44. Rb1 Nd5 45. Kg3 (45. Ke1 $142 $1) 45... Ba4 $16 46. Nxb4 (46. Rc1 $16) 46... Nxb4 $11 47. Kg4 Nd5 48. Kxg5 Kxd6 49. g4 Ke6 50. f4 {[%mdl 1024] White has compensation.} Kf7 51. f5 Bc6 52. Rh1 Ne3 53. Rh7+ Kg8 $1 {[%cal Rg8h7]} 54. Rh3 (54. Rh6 {keeps more tension.} Kf7 55. f6 Kg8 56. Rh2 d6 57. Re2) 54... Nd5 55. Kh6 Kf7 56. Kg5 Bb5 57. Rh7+ Kg8 58. Rh6 Be2 $2 {[%mdl 8192] [#]} (58... Kf7 $14) 59. Rd6 $2 (59. Rg6+ $1 $18 Kf7 60. Rd6) 59... Ne3 60. Kf4 Bxg4 61. Rxd7 Bxf5 62. Rd8+ Kg7 63. Kxe3 {KR-KB} Bh7 64. Kf4 Bg8 65. Kg5 Bh7 $2 {[%mdl 8192] [#]} (65... Be6 $11) 66. Rd7+ $1 $18 Kh8 67. Kh6 Bg8 68. Rg7 Bc4 69. Rh7+ Kg8 70. Rc7 Ba2 71. Rb7 Kh8 72. Rb8+ $2 {[%mdl 8192]} (72. Kg6 $14) 72... Bg8 73. Kg6 {Accuracy: White = 55%, Black = 51%.} 1/2-1/2

[Event "WYCC U16 Open 2019"]
[Site "Mumbai"]
[Date "2019.10.05"]
[Round "5.11"]
[White "Raahul, V S"]
[Black "Raja, Rithvik R"]
[Result "1/2-1/2"]
[WhiteElo "2262"]
[BlackElo "2369"]
[Annotator "TA"]
[PlyCount "32"]
[EventDate "2019.10.02"]
[EventType "swiss"]
[EventCountry "IND"]
[SourceTitle "playchess.com"]
[Source "ChessBase"]
[SourceQuality "1"]

{[%evp 19,32,-8,0,0,11,12,14,13,18,-11,11,0,13,-2,9]} 1. c4 c5 2. Nf3 Nc6 3. Nc3 g6 4. e3 Nf6 5. d4 cxd4 6. Nxd4 Bg7 7. Be2 O-O 8. O-O d5 9. cxd5 Nxd5 10. Nxc6 bxc6 {The position is equal.} 11. Na4 {A35: Symmetrical English: 2 Nc3 Nc6 3 Nf3} Rb8 (11... Bf5 12. g4 Be6 13. e4 Nb4 14. Nc5 Bxa2 15. Qa4 {1-0 (38) Wang,H (2743)-Anand,V (2783) Stavanger 2013}) 12. e4 Nb6 13. Nc5 Nd7 14. Na4 $146 ({Predecessor:} 14. Nb3 a5 15. Rb1 Qc7 16. Be3 a4 17. Nd4 c5 18. Nb5 Qc6 {½-½ (37) Kekelidze,M (2451)-Kassis,A (2249) Beirut 2009}) 14... Nb6 15. Nc5 Nd7 16. Na4 Nb6 1/2-1/2

[Event "WYCC U16 Open 2019"]
[Site "Mumbai"]
[Date "2019.10.05"]
[Round "5.11"]
[White "Raahul V S"]
[Black "Raja Rithvik R"]
[Result "*"]
[WhiteElo "2262"]
[BlackElo "2369"]
[Annotator "RC"]
[PlyCount "27"]
[EventDate "2019.10.02"]
[EventType "swiss"]
[EventCountry "IND"]
[SourceTitle "playchess.com"]
[Source "ChessBase"]
[SourceQuality "1"]
[TimeControl "40/5400+30:1800+30"]

1. c4 c5 2. Nf3 Nc6 3. Nc3 g6 4. e3 Nf6 5. d4 cxd4 6. Nxd4 Bg7 7. Be2 O-O 8. O-O d5 9. cxd5 Nxd5 10. Nxc6 bxc6 11. Na4 Rb8 12. e4 Nb6 13. Nc5 Nd7 14. Na4 *

[Event "WYCC U16 Open 2019"]
[Site "Mumbai"]
[Date "2019.10.05"]
[Round "5.12"]
[White "Talukdar, Rohan"]
[Black "Wu, Hao"]
[Result "1-0"]
[WhiteElo "2369"]
[BlackElo "1835"]
[Annotator "TA"]
[PlyCount "81"]
[EventDate "2019.10.02"]
[EventType "swiss"]
[EventCountry "IND"]
[SourceTitle "playchess.com"]
[Source "ChessBase"]
[SourceQuality "1"]

{[%evp 18,81,45,40,49,40,47,30,45,33,65,62,77,27,155,103,172,118,306,285,452,304,356,340,347,337,713,344,317,326,377,382,348,332,721,679,863,860,1063,851,830,1657,1036,1059,29956,29959,29942,29951,12791,12791,29962,1070,1237,1212,5369,2628,29962,29960,5410,879,29969,29965,5506,4994,29985,29980]} 1. e4 c5 2. Nf3 Nc6 3. d4 cxd4 4. Nxd4 Qb6 5. Nb3 Nf6 6. Nc3 e6 7. Bd3 d6 8. Be3 Qc7 9. f4 a6 10. Qf3 b5 {B33: Sicilian: Pelikan and Sveshnikov Variations} 11. O-O-O Bb7 12. g4 (12. Kb1 Be7 13. g4 b4 14. Ne2 Nd7 15. g5 Nc5 16. h4 Nxd3 17. cxd3 d5 18. Rc1 dxe4 19. dxe4 {0-1 (41) Leko,P (2674)-Morozevich,A (2659) Abu Dhabi 2019}) 12... Nd7 {White has an edge.} 13. g5 Nc5 14. Kb1 b4 15. Ne2 Nxb3 $146 (15... Nxd3 $11 16. cxd3 a5) ({Predecessor:} 15... a5 16. Nbd4 a4 {1-0 (24) Van Blitterswijk,S-Kleywegt,T Hengelo 1994}) 16. axb3 (16. cxb3 $142 Qd7 17. Rc1) 16... Rc8 (16... Be7 $16) 17. Qh3 (17. Qf2 $18) 17... Ne7 $2 (17... g6 $16) 18. Rhf1 $18 d5 (18... Qd7 $142 19. f5 e5) 19. exd5 Nxd5 20. Bd4 Rd8 {[#]} 21. g6 $1 {[%mdl 512]} f5 $2 {[#]} (21... fxg6 22. Bxg6+ (22. Qxe6+ Qe7 $18) 22... hxg6 23. Qxh8 Qf7) 22. gxh7 (22. Qxh7 $142 $1 {[%mdl 512]} Rxh7 23. gxh7) 22... Qf7 23. Rg1 Nf6 24. Bxf6 gxf6 25. Qe3 Be7 $2 (25... Qe7 26. Nd4 Bd5) 26. Nd4 Bc8 27. Nc6 Rd7 28. Nxe7 Rxe7 {[#]} 29. Qc5 $1 {[%cal Rc5c8]} Bd7 30. Bxa6 {White threatens Bb5 and mate.} Qxh7 {[#]} 31. Rxd7 $1 {[%mdl 512]} Rxd7 {[#]} 32. Bb5 $1 {[%mdl 512]} Kd8 33. Qb6+ {[%mdl 64] Double Attack} Kc8 34. Qxe6 (34. Ba6+ $142 Rb7 35. Qa7 {[%mdl 64] Pin} Qe7 36. Qa8+ {[%mdl 64] Pin} Kd7 37. Qxb7+ Ke8 38. Qc8+ Qd8 39. Qxe6+ {[%mdl 64] Double Attack} Qe7 40. Bb5+ Kd8 41. Rd1+ Kc7 42. Qxe7+ Kb6 43. Qxf6+ {[%mdl 64] Double Attack} Kc7 44. Rd7+ Kc8 45. Qxh8#) 34... Qe7 35. Qxf5 {[%mdl 64] Pin} ({Not} 35. Qxd7+ Qxd7 36. Bxd7+ Kxd7 $16) 35... Kc7 36. Bxd7 Qxd7 37. Qxf6 Rh7 38. Qe5+ Kb7 39. Qe4+ Kc7 40. Qxb4 {Threatening mate with Qa5+.} Rxh2 41. Qc3+ {Accuracy: White = 74%, Black = 22%.} 1-0

[Event "WYCC U16 Open 2019"]
[Site "Mumbai"]
[Date "2019.10.05"]
[Round "5.13"]
[White "Manafov, Vugar"]
[Black "Hilwerda, Jonas"]
[Result "0-1"]
[WhiteElo "2357"]
[BlackElo "2229"]
[Annotator "TA"]
[PlyCount "86"]
[EventDate "2019.10.02"]
[EventType "swiss"]
[EventCountry "IND"]
[SourceTitle "playchess.com"]
[Source "ChessBase"]
[SourceQuality "1"]

{[%evp 11,86,24,35,10,12,0,2,-6,0,-14,50,59,49,32,43,39,32,29,43,0,41,22,22,18,31,0,5,3,7,3,2,0,12,0,84,91,100,97,130,100,100,95,102,102,93,73,83,87,107,98,212,152,135,0,190,225,187,213,209,199,291,176,236,26,14,-6179,-6035,-6029,-4990,-4990,-2109,-29986,-29987,-29994,-29995,-29995,-29990]} 1. d4 f5 2. c4 Nf6 3. Nc3 e6 4. g3 Be7 5. Bg2 O-O 6. Nh3 d6 7. d5 {A91: Classical Dutch: Early Deviations} (7. Nf4 e5 8. dxe5 dxe5 9. Qxd8 Bxd8 10. Ne6 Re8 11. Nxd8 Rxd8 12. Bg5 c6 13. f4 exf4 14. Bxf6 gxf6 15. gxf4 {1-0 (50) Halkias,S (2561)-Williams,S (2515) Al Ain 2012}) 7... e5 8. Ng5 Qe8 $146 ({Predecessor:} 8... Na6 9. Ne6 Bxe6 10. dxe6 c6 11. e4 fxe4 12. Nxe4 Nxe4 13. Bxe4 Qa5+ 14. Bd2 Qc5 15. O-O Qxc4 {0-1 (25) Forbes,C (2076)-Spice,A (2196) Paignton 2004}) 9. e4 {The position is equal.} f4 10. O-O Bd8 ({Better is} 10... Qg6 $11 11. Ne6 (11. gxf4 exf4 12. Ne6 Bxe6 $11) 11... Bxe6 12. dxe6 Nc6) 11. gxf4 $14 exf4 12. Ne6 Bxe6 13. dxe6 {Threatens to win with e5!} Nc6 14. Bxf4 Qxe6 15. b3 (15. c5 $5) 15... Kh8 16. Bg3 Qf7 17. Nd5 Nh5 18. f4 Nxg3 19. hxg3 Bf6 20. Rc1 Bd4+ 21. Kh2 a5 22. Qg4 Nb4 {[#]} (22... Rae8 $11) 23. e5 $1 $16 {[%mdl 512]} Nxd5 (23... dxe5 24. fxe5) 24. cxd5 Bc5 25. f5 Qe7 26. e6 Rf6 27. Bh3 Rh6 28. Qf4 Qf6 29. Rc2 Re8 30. g4 {Strongly threatening g5.} Qh4 (30... g5 $16 {was necessary.} 31. fxg6 Qxf4+ 32. Rxf4 Rxg6) 31. Rc3 Qf6 32. Rc2 (32. Rg3 $16 {Hoping for g5.} g5 33. fxg6 Qxf4 34. Rxf4) 32... Qh4 $18 {[%csl Gh6][%cal Rh4h3] [#]} 33. Rf3 $1 {aiming for g5.} Qe1 {[%csl Gc5][%cal Re1g1]} 34. Rg2 Qe5 35. g5 Rh4 (35... Rh5 $142 36. Qxe5 dxe5) 36. Qg3 Bd4 {[#]} (36... h6 {keeps fighting.} 37. Qxe5 dxe5) 37. f6 $2 ({White must play} 37. Qxe5 $1 $18 Bxe5+ 38. Kg1 Bd4+ 39. Kf1) 37... gxf6 $11 {And now ...h6 would win.} 38. gxf6 $2 {[%mdl 8192] [#]} (38. Qxe5 $11 Bxe5+ 39. Kg1 fxg5 40. Rxg5) 38... Rxh3+ $1 $19 {[%mdl 512]} 39. Kxh3 Qh5+ 40. Qh4 Qxf3+ {[%mdl 64] Double Attack} 41. Kh2 Be5+ {Black mates.} 42. Kh1 Rg8 {[%csl Gg8][%cal Rf3g2]} 43. Qf2 Qd1+ {Accuracy: White = 54%, Black = 60%.} 0-1

[Event "WYCC U16 Open 2019"]
[Site "Mumbai"]
[Date "2019.10.05"]
[Round "5.14"]
[White "Galleguillos Alvarado, Maximilia"]
[Black "Stork, Oliver"]
[Result "0-1"]
[WhiteElo "1894"]
[BlackElo "2314"]
[Annotator "TA"]
[PlyCount "132"]
[EventDate "2019.10.02"]
[EventType "swiss"]
[EventCountry "IND"]
[SourceTitle "playchess.com"]
[Source "ChessBase"]
[SourceQuality "1"]

{[%evp 18,132,8,0,18,9,16,20,19,6,11,4,43,36,59,29,98,26,131,108,156,136,178,145,266,145,139,104,93,56,45,58,37,43,51,-12,0,0,98,98,123,118,130,129,112,96,174,0,113,60,54,0,74,28,31,-44,-44,-44,-37,-44,0,0,38,-66,-56,-114,-69,-104,-49,-109,-90,-87,-12,-188,-224,-581,-570,-550,-561,-895,-870,-29992,-447,-440,-440,-414,-420,-420,0,0,0,-412,-409,-395,-387,-378,-354,-539,-483,-475,-442,-835,-829,-890,-870,-1087,-1058,-996,-968,-869,-537,-531,-519,-472,-452,-652,-622]} 1. d4 d5 2. Nf3 Nf6 3. e3 e6 4. Bd3 Be7 5. O-O O-O 6. Nbd2 b6 7. Qe2 Bb7 8. b3 c5 9. Bb2 Nbd7 10. c4 Qc7 {E14: Queen's Indian: Classical Variation (4 e3)} (10... cxd4 11. exd4 Re8 12. Rac1 Rc8 13. Rfd1 Bf8 14. Ne5 dxc4 15. bxc4 Nxe5 16. dxe5 Nd7 17. Be4 Qc7 18. Bxb7 Qxb7 19. Ne4 {1-0 (49) Mamedyarov,S (2804)-Ju,W (2572) chess.com INT 2018}) 11. Rac1 Rac8 12. cxd5 Nxd5 {The position is equal.} 13. a3 $146 ({Predecessor:} 13. Bb1 Rfd8 14. dxc5 bxc5 15. Nc4 Bf6 16. Qc2 g6 17. Bxf6 N7xf6 18. Qb2 {0-1 (39) Cadena Montoya,G (2191)-Dominguez,R (2272) Quibdo 2015}) 13... Qb8 14. Ne5 Nxe5 15. dxe5 Rfd8 16. Rfd1 Qa8 (16... Rd7 $11) 17. Bb1 (17. Nc4 $1 $16) 17... a5 (17... Rd7 $11) 18. Qg4 $16 b5 19. Ne4 g6 {[#]} 20. Nd6 $1 {[%mdl 512]} Ba6 (20... Rc6 $16 21. e4 (21. Nxb5 Rb6 $16) 21... Nb6) (20... Bxd6 21. exd6) 21. Nxc8 (21. e4 $18 Nb6 22. Qf4 (22. Nxc8 Qxc8 23. Rxd8+ Qxd8 $16)) 21... Rxc8 22. Be4 Bb7 23. Qe2 (23. Bd3 {is interesting.} Bc6 24. h4 h5 25. Qg3 Kh7 26. e4) 23... Nf4 24. exf4 Bxe4 25. f3 Bd5 $1 26. Qc2 (26. a4 $14) 26... Bf8 27. b4 c4 (27... axb4 $11 {keeps the balance.} 28. axb4 Rc6) 28. Bc3 axb4 29. axb4 Bh6 30. Qd2 Qa7+ 31. Bd4 Qa3 (31... Qe7 $16 32. Rf1 Bb7) 32. Bc3 (32. Ra1 $1 $18 {[%cal Ra1a3]} Qb3 33. Rdc1) 32... Qa7+ $1 33. Kf1 (33. Qd4 $16 Qe7 34. Qe3) 33... Qe7 $14 34. Kg1 (34. h3 $14) 34... Qh4 (34... Qa7+ $1 $11 {remains equal.} 35. Qd4 Qe7) 35. g3 Qh5 36. Rf1 (36. g4 $14 Qh3 37. g5) 36... Bxf3 $15 37. Ra1 Bc6 {[%mdl 1024] Black has compensation.} 38. Ra6 Qf5 39. Qe2 Bf8 40. Rd1 (40. g4 $1 $14 Qd3 41. Qxd3 cxd3 42. Bd2) 40... h5 41. Ra2 (41. Ra7 $15) 41... Be7 42. Ra6 Kg7 ({Black should play} 42... Qh3 $17 {Hoping for ...h4.} 43. Qf1 Qg4) 43. Ra7 (43. Rd6 $15 Qb1+ 44. Qe1 (44. Rd1 $2 Qb3 $19) 44... Qxe1+ 45. Bxe1 Bxd6 46. exd6) 43... Bd8 $17 {Strongly threatening ...Bb6+.} 44. Bd4 c3 (44... Bc7 $17 45. Rf1 Qh3) 45. Rc1 $2 {[#]} (45. Bc5 $1 $11 {and White is okay.}) 45... h4 $1 $19 46. Bc5 $2 (46. Ra6 {is a better chance.} Bd5 47. Rd6 (47. Bxc3 $2 hxg3 48. Bd2 Rxc1+ 49. Bxc1 Qh3 $19)) 46... hxg3 47. hxg3 {[#]} Bb6 $1 {[%mdl 512]} 48. Bxb6 Rh8 {( -> ...Qh3)} 49. Kf1 Rh1+ (49... Qh3+ $142 50. Ke1 Qh1+ 51. Qf1 Qe4+ {[%mdl 64] Double Attack} 52. Kd1 Qd5+ 53. Qd3 Qxd3+ 54. Ke1 Qd2+ 55. Kf1 Rh1+ 56. Bg1 Bg2#) 50. Bg1 {And now Qe3 would win.} Qh3+ {[%mdl 64] Double Attack} 51. Kf2 Qg2+ 52. Ke3 {Threatens to win with Qxg2.} Qe4+ $2 ({Black should try} 52... Qxg3+ $19 53. Kd4 Qxf4+ {[%mdl 64] Double Attack} 54. Kc5 Qxc1) 53. Kf2 $11 Qg2+ $2 {[%mdl 8192]} (53... Rh2+ $11 54. Bxh2 Qg2+ {[%mdl 64] Double Attack} 55. Ke3 (55. Ke1 Qh1+ 56. Qf1 Qe4+ {[%mdl 64] Double Attack} 57. Qe2 Qh1+ 58. Qf1 Qe4+ {[%mdl 64] Double Attack} 59. Qe2 Qh1+ $11) 55... Qe4+ {[%mdl 64] Double Attack} 56. Kf2 Qg2+ {[%mdl 64] Double Attack} 57. Ke3 (57. Ke1 Qh1+ 58. Qf1 Qe4+ {[%mdl 64] Double Attack} 59. Qe2 Qh1+ 60. Qf1 Qe4+ {[%mdl 64] Double Attack} 61. Qe2 Qh1+ $11) 57... Qe4+ {[%mdl 64] Double Attack} 58. Kf2) 54. Ke3 $19 {Qxg2 is the strong threat.} Qxg3+ 55. Kd4 {aiming for Qe3.} Qxf4+ {[%mdl 64] Double Attack} ({And not} 55... Rxg1 56. Rxg1 Qxg1+ 57. Qe3 $11) 56. Kc5 Qxc1 57. Bd4 (57. Be3 $142 Qe1 58. Qxe1 Rxe1 59. Bf4) 57... c2 {Black is clearly winning.} 58. Qf2 Be8 59. Qf6+ (59. Ra2 $142 Rf1 60. Rxc2) 59... Kh6 ({But not} 59... Kg8 $2 {[#]} 60. Ra8 $1 $18 {[%mdl 512]}) 60. Qh8+ Kg5 61. Qxe8 Qf4 62. Qd8+ Kg4 63. Bb2 c1=Q+ 64. Bxc1 Rxc1+ ({Less strong is} 64... Qxc1+ 65. Kxb5 Qf1+ 66. Ka5 $17) 65. Kb6 Qe3+ 66. Kb7 (66. Kxb5 $142 Qxe5+ 67. Kb6 Qe3+ 68. Kb5 Qe2+ 69. Kb6 Qe3+ 70. Kb5) 66... Qe4+ {Accuracy: White = 26%, Black = 43%.} 0-1